00778nam a22002657a 450000500170000001000220001702000260003902000410006503500170010603500140012303500130013703700170015003700130016708200100018010000200019024500610021025000110027126000390028227000380032130000260035950000500038565000230043565000390045865000150049720181220143201.0 a1617EN ENG-116877 a9781137603241c799.00 a9781137603241 (Ashok Vihar)c695.00  aB-652157-162 aEN-100409 aB-669808 bPragatiadpl bDBAD/PUB a320.5 aHeywood, Andrew aPolitical theory :cby Andrew Heywoodban introduction / a4th ed aNew YorkbPalgrave Macmillanc2015 a175 Fifth AvenuebNew Yorke10010 axvii,417p.c22cm(pbk) aIncludes bibliographical references and index aPolitical science. aRight and left (Political science) a Ideology.